| 000 | 01043nam a22002537a 4500 | ||
|---|---|---|---|
| 999 |
_c17365 _d17365 |
||
| 003 | AR-CdUCM | ||
| 008 | 190508b ||||| |||| 00| 0 spa d | ||
| 040 |
_aMUNICIPALIDAD PROVINCIAL DEL CUSCO _cBIBLIOTECA MUNICIPAL DEL CUSCO |
||
| 041 | _heng | ||
| 082 |
_a338.52 / _bH26 |
||
| 100 |
_aHaveman, Robert _937338 |
||
| 245 | _aEl sistema de precios / | ||
| 260 |
_aBuenos Aires : _bAmorrortu Editores, _c1970. |
||
| 300 |
_a319 páginas ; _c20 cm. |
||
| 505 | _aContenido: Tipos de economía y economización -- Apéndice al capítulo 1 -- Economía de mercado. modelo de un sistema económico simple -- Las familias como unidad de decisión -- Apéndice al capítulo 3 -- La empresa competitiva como unidad de decisión ... | ||
| 650 |
_aOferta demanda _937339 |
||
| 650 |
_aPrecios _95669 |
||
| 650 |
_aMercado _942 |
||
| 700 |
_aKnopf, Kenyon (coautor) _937340 |
||
| 700 |
_aConstante, Susana (traducción) _937341 |
||
| 710 |
_aCentro Regional de Ayuda Técnia - A.I.D. _937342 |
||
| 942 |
_2ddc _cLIBROS |
||
| 945 |
_aachl _d2019-05-08 |
||